000 00564nam a22001337a 4500
040 _cRUA
082 _aAGR SIE 2015 B556 Or.1
100 _aSIEN VUTHY; សៀន វុទ្ធី
245 _aCassava production in toul lvea commune, pailin municipality pailin province; ផលិតកម្មដំណាំដំឡូងមីនៅសង្កាត់ទួលល្វា ក្រុងប៉ៃលិន ខេត្តប៉ៃលិន
260 _aPhnom Penh
_bRUA
_c2015
300 _ax; 45p;
_bill;
_c29cm;
856 _uSIEN VUTHY
942 _cAGR
999 _c11546
_d11546